| 000 | 00857cam a2200217 4500 | ||
|---|---|---|---|
| 001 | ABS64940 | ||
| 008 | 011217n2001 000 0 eng u | ||
| 035 | _a(Sirsi) u116021 | ||
| 100 | _aPeck, C | ||
| 245 | _aMixed results for future plans | ||
| 260 | _c2001 | ||
| 490 |
_aEstates Gazette _v(0147) 141-142(2) |
||
| 520 | _aAnalysis of new rules requiring commercial developers to provide affordable housing. Argues the effect upon commercial and residential developments will not fully emerge until more detail is known. With details of several planning policy guidance notes. | ||
| 590 | _aABS | ||
| 650 | _aPLANNING POLICY GUIDANCE | ||
| 650 | _aCOMMERCIAL DEVELOPMENT | ||
| 650 | _aPLANNING POLICY GUIDANCE NOTE 13 | ||
| 650 | _aTOWN CENTRE DEVELOPMENT | ||
| 690 | _aENVIRONMENTAL AND LAND CONSULTANCY-PLANNING AND DEVELOPMENT | ||
| 942 | _n0 | ||
| 999 |
_c69129 _d69129 |
||